000 00752nam0a22002411 4500
001 rc\222502
005 20030307115735.8
010 _a5-85099-017-8
_940000
035 _a(NLR Aleph) 005476596
090 _a5091830
_c5091830
100 _a20030307d1994 u |0rusy50 ca
101 0 _arus
102 _aRU
105 _aa |||||||||
200 1 _aЗарядка для хвоста
_e[Для детей]
_fГригорий Остер
_g[Рис. С. Богачева]
210 _aФрязино
_cВек-2
_d[1994?]
215 _a[14] с.
_cцв. ил.
_d28
700 1 _aОстер
_bГ. Б.
_f1947-
_gГригорий Бенционович
801 0 _aRU
_bNLR
_gpsbo
801 1 _aRU
_bELAR
_2rusmarc
852 _aNLR
_j94-8/31
942 _cBOOK
980 _aNB